| 000 | 00711nmm a2200241 a 4500 | ||
|---|---|---|---|
| 003 | AR-BaBNM | ||
| 005 | 20251128211100.0 | ||
| 008 | 302020s1977 ||||||||||||||000 | spa|| | ||
| 040 | _cAR-BaBNM | ||
| 245 | 1 | 0 | _aPensar la República |
| 260 |
_aBuenos Aires _bPersona a Persona _bFundación Piñero Pacheco _c1977 |
||
| 300 | 0 |
_a476 p. _btablas, gráf. |
|
| 650 | 4 | _aIDENTIDAD NACIONAL | |
| 650 | 4 | _aORGANIZACION NACIONAL | |
| 650 | 4 | _aHISTORIA POLITICA ARGENTINA | |
| 650 | 4 | _aDESARROLLO ECONOMICO Y SOCIAL | |
| 650 | 4 | _aPROSPECCION EDUCACIONAL | |
| 651 | 4 | _aArgentina | |
| 700 | 1 |
_aFloria, Carlos Alberto _ecompilador |
|
| 700 | 1 |
_aMontserrat, Marcelo _ecompilador |
|
| 942 | _cBK | ||
| 998 | _calicia | ||
| 999 |
_c18149 _d18149 |
||